000
00334nam a22001457a 4500
008
221018b ||||| |||| 00| 0 eng d
020
_a
9789951277259
041
_a
eng
080
_a
330.72
082
_a
330.72 KAS
100
_a
23.2
101
_a
MENA
245
_a
MENAXHIMI BANKAR DHE REGULATIVA
_c
KASTRATI A
942
_2
udc
_c
BK
999
_c
58599
_d
58599